Bạo chúa Tùy Dạng Đế

में बचाया:
ग्रंथसूची विवरण
मुख्य लेखक: Hà, Sĩ Phu
स्वरूप: पुस्तक
भाषा:Undetermined
प्रकाशित: Thành phố Hồ Chí Minh Văn nghệ 2002
विषय:
टैग : टैग जोड़ें
कोई टैग नहीं, इस रिकॉर्ड को टैग करने वाले पहले व्यक्ति बनें!
Thư viện lưu trữ: Trung tâm Học liệu Trường Đại học Cần Thơ
LEADER 00571nam a2200193Ia 4500
001 CTU_90817
008 210402s9999 xx 000 0 und d
020 |c 59000 
082 |a 895.13 
082 |b Ph500 
100 |a Hà, Sĩ Phu 
245 0 |a Bạo chúa Tùy Dạng Đế 
245 0 |c Hà Sĩ Phu; Ông Văn Tùng biên dịch 
260 |a Thành phố Hồ Chí Minh 
260 |b Văn nghệ 
260 |c 2002 
650 |a Chinese fiction 
904 |i Năm (Nguyên sửa) 
980 |a Trung tâm Học liệu Trường Đại học Cần Thơ